Ako sa rozhodujú banky

Zakladanie zahraničných bánk na Slovensku. Vytvorenie dcérskej banky. Formy a determinácia činnosti zahraničných bankových inštitúcií na Slovensku. Banky so zahraničnou majetkovou účasťou.

Salvato in:
Dettagli Bibliografici
Autore principale: Hošková, Adela
Natura: Libro
Lingua:slovacco
Soggetti:
Tags: Aggiungi Tag
Nessun Tag, puoi essere il primo ad aggiungerne!!

MARC

LEADER 00000nam a2200000 4500
001 r030144
005 20230824093306.0
041 0 |a slo 
044 |a SK 
245 1 0 |a Ako sa rozhodujú banky  |c Adela Hošková 
520 |a Zakladanie zahraničných bánk na Slovensku. Vytvorenie dcérskej banky. Formy a determinácia činnosti zahraničných bankových inštitúcií na Slovensku. Banky so zahraničnou majetkovou účasťou. 
610 2 0 |a banky 
610 2 0 |a banky zahraničné 
610 2 0 |a Slovensko 
610 2 0 |a pobočky bankové 
610 2 0 |a spoločnosti dcérske 
100 1 |a Hošková, Adela